Dr. Josef Scheiner /

Hlavní autor: Krejčí, Antonín, 1884-1955
Jazyk: Čeština
Vydáno: V Brně : Moravský Legionář, 1932
Vydání: 1. vyd.
Edice: Hrdinové a oběti odboje
Fyzický popis: 30, [1] s., obr. příl. : il. ; 8°
Knihy
Uloženo v:
LEADER 01104nam a22003012a 4500
001 000353710
003 CZ BrMZK
005 20210421085000.0
007 ta
008 010907s1932 xr af f cze d
015 |a cnb000937084 
020 |q (Váz.) 
035 |a (OCoLC)85516010 
040 |a ABA001  |b cze  |c PNA001  |d ABA001  |d BOA001 
100 1 |a Krejčí, Antonín,  |d 1884-1955  |7 jk01063175  |4 aut 
245 1 0 |a Dr. Josef Scheiner /  |c Ant. Krejčí 
246 3 0 |a Josef Scheiner 
250 |a 1. vyd. 
260 |a V Brně :  |b Moravský Legionář,  |c 1932  |f (Globus) 
300 |a 30, [1] s., obr. příl. :  |b il. ;  |c 8° 
490 1 |a Hrdinové a oběti odboje ;  |v sv. 18 
830 0 |a Hrdinové a oběti odboje  |0 s 
910 |a BOA001  |b 1-0094.865,18 
990 |a BK 
991 |b 202104 
996 7 |b 2619812300  |c 1-0094.865,18  |l MZK  |r Sklad / do 1 hodiny  |n 7  |w 000353710  |u 000010  |a 1  |e BOA001  |j MZK50  |s A 
996 6 |b 2619849467  |c 1-0094.865,18  |l MZK  |r Sklad / do 1 hodiny  |n 3  |w 000353710  |u 000020  |a 1  |e BOA001  |j MZK50  |s P 
996 7 |b 2619878706  |c 1-0094.865,18  |l MZK  |r Sklad / do 1 hodiny  |n 0  |w 000353710  |u 000030  |a 1  |e BOA001  |j MZK50  |s A